<?xml version="1.0" encoding="UTF-8"?>
<record
    xmlns:xsi="http://www.w3.org/2001/XMLSchema-instance"
    xsi:schemaLocation="http://www.loc.gov/MARC21/slim http://www.loc.gov/standards/marcxml/schema/MARC21slim.xsd"
    xmlns="http://www.loc.gov/MARC21/slim">

  <leader>00619nam a2200193Ia 4500</leader>
  <controlfield tag="003">OSt</controlfield>
  <controlfield tag="005">20200817101915.0</controlfield>
  <controlfield tag="008">190216s9999||||xx |||||||||||||| ||und||</controlfield>
  <datafield tag="020" ind1=" " ind2=" ">
    <subfield code="a">9798178083857</subfield>
  </datafield>
  <datafield tag="040" ind1=" " ind2=" ">
    <subfield code="c">oclc</subfield>
  </datafield>
  <datafield tag="082" ind1=" " ind2=" ">
    <subfield code="a">546</subfield>
    <subfield code="b">HUH/I</subfield>
  </datafield>
  <datafield tag="100" ind1=" " ind2=" ">
    <subfield code="a">Huheey, James E</subfield>
    <subfield code="9">4150</subfield>
  </datafield>
  <datafield tag="245" ind1=" " ind2="0">
    <subfield code="a">Inorganic Chemistry :</subfield>
    <subfield code="b">Principles Of Structure and Reactivity /</subfield>
    <subfield code="c">James E Huheey ; Ellen A Keiter ; Richard L Keiter</subfield>
  </datafield>
  <datafield tag="250" ind1=" " ind2=" ">
    <subfield code="a">4th Ed.</subfield>
  </datafield>
  <datafield tag="260" ind1=" " ind2=" ">
    <subfield code="b">Pearson Education International,</subfield>
    <subfield code="c">2004.</subfield>
    <subfield code="a">Delhi:</subfield>
  </datafield>
  <datafield tag="300" ind1=" " ind2=" ">
    <subfield code="a">964p</subfield>
  </datafield>
  <datafield tag="650" ind1=" " ind2=" ">
    <subfield code="a">Inorganic Chemistry</subfield>
  </datafield>
  <datafield tag="942" ind1=" " ind2=" ">
    <subfield code="c">BK</subfield>
    <subfield code="2">ddc</subfield>
    <subfield code="h">546</subfield>
    <subfield code="i">HUH/I</subfield>
    <subfield code="k">546</subfield>
    <subfield code="m">HUH/I</subfield>
  </datafield>
  <datafield tag="952" ind1=" " ind2=" ">
    <subfield code="0">0</subfield>
    <subfield code="1">0</subfield>
    <subfield code="2">ddc</subfield>
    <subfield code="4">0</subfield>
    <subfield code="7">0</subfield>
    <subfield code="8">CHEMISTRY</subfield>
    <subfield code="a">MES</subfield>
    <subfield code="b">MES</subfield>
    <subfield code="c">CHE</subfield>
    <subfield code="d">2019-02-20</subfield>
    <subfield code="g">425.00</subfield>
    <subfield code="l">3</subfield>
    <subfield code="m">4</subfield>
    <subfield code="o">546 HUH/I</subfield>
    <subfield code="p">26283</subfield>
    <subfield code="r">2020-11-11 00:00:00</subfield>
    <subfield code="s">2020-03-02</subfield>
    <subfield code="t">8</subfield>
    <subfield code="w">2019-02-20</subfield>
    <subfield code="y">BK</subfield>
    <subfield code="z">GL27R4</subfield>
  </datafield>
  <datafield tag="952" ind1=" " ind2=" ">
    <subfield code="0">0</subfield>
    <subfield code="1">0</subfield>
    <subfield code="2">ddc</subfield>
    <subfield code="4">0</subfield>
    <subfield code="7">0</subfield>
    <subfield code="8">CHEMISTRY</subfield>
    <subfield code="a">MES</subfield>
    <subfield code="b">MES</subfield>
    <subfield code="c">CHE</subfield>
    <subfield code="d">2019-02-20</subfield>
    <subfield code="g">450.00</subfield>
    <subfield code="l">6</subfield>
    <subfield code="m">9</subfield>
    <subfield code="o">546 HUH/I</subfield>
    <subfield code="p">28189</subfield>
    <subfield code="r">2026-01-20 10:08:55</subfield>
    <subfield code="s">2025-11-06</subfield>
    <subfield code="t">1</subfield>
    <subfield code="w">2019-02-20</subfield>
    <subfield code="y">BK</subfield>
    <subfield code="z">GL27R4</subfield>
  </datafield>
  <datafield tag="952" ind1=" " ind2=" ">
    <subfield code="0">0</subfield>
    <subfield code="1">0</subfield>
    <subfield code="2">ddc</subfield>
    <subfield code="4">0</subfield>
    <subfield code="7">0</subfield>
    <subfield code="8">CHEMISTRY</subfield>
    <subfield code="a">MES</subfield>
    <subfield code="b">MES</subfield>
    <subfield code="c">CHE</subfield>
    <subfield code="d">2019-02-20</subfield>
    <subfield code="g">450.00</subfield>
    <subfield code="l">1</subfield>
    <subfield code="m">1</subfield>
    <subfield code="o">546 HUH/I</subfield>
    <subfield code="p">28190</subfield>
    <subfield code="r">2025-11-17 09:05:58</subfield>
    <subfield code="s">2025-10-31</subfield>
    <subfield code="t">2</subfield>
    <subfield code="w">2019-02-20</subfield>
    <subfield code="y">BK</subfield>
    <subfield code="z">GL27R4</subfield>
  </datafield>
  <datafield tag="952" ind1=" " ind2=" ">
    <subfield code="0">0</subfield>
    <subfield code="1">0</subfield>
    <subfield code="2">ddc</subfield>
    <subfield code="4">0</subfield>
    <subfield code="7">0</subfield>
    <subfield code="8">CHEMISTRY</subfield>
    <subfield code="a">MES</subfield>
    <subfield code="b">MES</subfield>
    <subfield code="c">CHE</subfield>
    <subfield code="d">2019-02-20</subfield>
    <subfield code="g">475.00</subfield>
    <subfield code="l">0</subfield>
    <subfield code="o">546 HUH/I</subfield>
    <subfield code="p">29691</subfield>
    <subfield code="r">2019-02-20 00:00:00</subfield>
    <subfield code="t">3</subfield>
    <subfield code="w">2019-02-20</subfield>
    <subfield code="y">BK</subfield>
    <subfield code="z">GL27R4</subfield>
  </datafield>
  <datafield tag="952" ind1=" " ind2=" ">
    <subfield code="0">0</subfield>
    <subfield code="1">0</subfield>
    <subfield code="2">ddc</subfield>
    <subfield code="4">0</subfield>
    <subfield code="7">0</subfield>
    <subfield code="8">CHEMISTRY</subfield>
    <subfield code="a">MES</subfield>
    <subfield code="b">MES</subfield>
    <subfield code="c">CHE</subfield>
    <subfield code="d">2019-02-20</subfield>
    <subfield code="g">475.00</subfield>
    <subfield code="l">6</subfield>
    <subfield code="m">7</subfield>
    <subfield code="o">546 HUH/I</subfield>
    <subfield code="p">30473</subfield>
    <subfield code="r">2023-02-15 00:00:00</subfield>
    <subfield code="s">2023-01-16</subfield>
    <subfield code="t">7</subfield>
    <subfield code="w">2019-02-20</subfield>
    <subfield code="y">BK</subfield>
    <subfield code="z">GL27R4</subfield>
  </datafield>
  <datafield tag="952" ind1=" " ind2=" ">
    <subfield code="0">0</subfield>
    <subfield code="1">0</subfield>
    <subfield code="2">ddc</subfield>
    <subfield code="4">0</subfield>
    <subfield code="7">0</subfield>
    <subfield code="8">CHEMISTRY</subfield>
    <subfield code="a">MES</subfield>
    <subfield code="b">MES</subfield>
    <subfield code="c">CHE</subfield>
    <subfield code="d">2019-02-20</subfield>
    <subfield code="g">450.00</subfield>
    <subfield code="l">12</subfield>
    <subfield code="m">16</subfield>
    <subfield code="o">546 HUH/I</subfield>
    <subfield code="p">32358</subfield>
    <subfield code="r">2025-11-12 09:02:24</subfield>
    <subfield code="s">2025-10-15</subfield>
    <subfield code="t">6</subfield>
    <subfield code="w">2019-02-20</subfield>
    <subfield code="y">BK</subfield>
    <subfield code="z">GL27R4</subfield>
  </datafield>
  <datafield tag="952" ind1=" " ind2=" ">
    <subfield code="0">0</subfield>
    <subfield code="1">0</subfield>
    <subfield code="2">ddc</subfield>
    <subfield code="4">0</subfield>
    <subfield code="7">0</subfield>
    <subfield code="8">CHEMISTRY</subfield>
    <subfield code="a">MES</subfield>
    <subfield code="b">MES</subfield>
    <subfield code="c">CHE</subfield>
    <subfield code="d">2019-02-20</subfield>
    <subfield code="g">595.00</subfield>
    <subfield code="l">15</subfield>
    <subfield code="m">26</subfield>
    <subfield code="o">546 HUH/I</subfield>
    <subfield code="p">35403</subfield>
    <subfield code="r">2023-06-05 00:00:00</subfield>
    <subfield code="s">2023-05-15</subfield>
    <subfield code="t">5</subfield>
    <subfield code="w">2019-02-20</subfield>
    <subfield code="y">BK</subfield>
    <subfield code="z">GL27R4</subfield>
  </datafield>
  <datafield tag="999" ind1=" " ind2=" ">
    <subfield code="c">3160</subfield>
    <subfield code="d">3160</subfield>
  </datafield>
</record>
